000 00831nam0a22002531 4500
001 rc\3145616
005 20250530083329.0
021 _aRU
_b[75-74640]
035 _a(NLR Aleph) 007320071
090 _a5900385
_c5900385
100 _a20120615d1975 |||y0rusy50 ca
101 0 _arus
102 _aRU
105 _ay z |||||
200 1 _aПовышение эффективности зернового хозяйства
_fА.А. Клюкач
210 _aМосква
_cКолос
_d1975
215 _a254 с.
_d21
606 _aЗерновое хозяйство
_xЭкономическая эффективность
_2psbo
700 1 _aКлюкач
_bА.А.
_gАнатолий Александрович
801 0 _aRU
_bNLR
_gpsbo
801 1 _aRU
_bELAR
_2rusmarc
852 _aNLR
_j75-3/6322
942 _cBOOK
980 _aNB